Southville International School and Colleges
Your cart is empty.
  • Cart
  • Lists
    Public lists Eva Luna New books Lux_list list_1
    Your lists Log in to create your own lists
  • Log in to your account
  • Your cookies
  • Search history
Southville International School and Colleges
  • Advanced search
  • Recent comments
  • Most popular
  • Libraries

Log in to your account

Log in with GOOGLE


If you do not have an external account, but do have a local account, you can still log in:

  1. Home
  2. MARC view: Classroom management that works :
Normal view MARC view ISBD view

Classroom management that works : (Record no. 12612)

[ view plain ]
MARC details
000 -LEADER
fixed length control field 00763nam a22002057a 4500
003 - CONTROL NUMBER IDENTIFIER
control field OSt
005 - DATE AND TIME OF LATEST TRANSACTION
control field 20160610132947.0
008 - FIXED-LENGTH DATA ELEMENTS--GENERAL INFORMATION
fixed length control field 131001t xxu||||| |||| 00| 0 eng d
020 ## - INTERNATIONAL STANDARD BOOK NUMBER
International Standard Book Number 9780871207937
050 ## - LIBRARY OF CONGRESS CALL NUMBER
Classification number LB 3013
Item number .M365 2003
082 ## - DEWEY DECIMAL CLASSIFICATION NUMBER
Classification number GLT 371.1024
Item number M36 2003
100 ## - MAIN ENTRY--PERSONAL NAME
Personal name Marzano, Robert J.
9 (RLIN) 22370
245 ## - TITLE STATEMENT
Title Classroom management that works :
Remainder of title research-based strategies for every teacher /
Statement of responsibility, etc Robert J. Marzano with Jana S. Marzano & Debra J. Pickering.
260 ## - PUBLICATION, DISTRIBUTION, ETC. (IMPRINT)
Place of publication, distribution, etc Alexandria, Va :
Name of publisher, distributor, etc Association for Supervision and Curriculum Development,
Date of publication, distribution, etc 2003
300 ## - PHYSICAL DESCRIPTION
Extent 142 p. :
Other physical details ill. ;
Dimensions 27 cm.
650 ## - SUBJECT ADDED ENTRY--TOPICAL TERM
Topical term or geographic name as entry element Classroom management
General subdivision United States
9 (RLIN) 22688
650 ## - SUBJECT ADDED ENTRY--TOPICAL TERM
Topical term or geographic name as entry element Effective teaching
General subdivision United States
9 (RLIN) 22689
942 ## - ADDED ENTRY ELEMENTS (KOHA)
Source of classification or shelving scheme Library of Congress Classification
Koha item type Books
Holdings
Withdrawn status Lost status Source of classification or shelving scheme Damaged status Home library Current library Shelving location Date acquired Source of acquisition Total Checkouts Full call number Barcode Date last seen Date checked out Copy number Price effective from Koha item type
    Library of Congress Classification   Luxembourg Library Luxembourg Library Genevive Ledesma - Tan Section 10/01/2013 Donation 1 LB 3013 .M365 2003 11881 06/09/2014 05/27/2014 1 10/01/2013 Books

Classroom management that works :

APA

Marzano R. J., . (2003). Classroom management that works. Alexandria, Va: Association for Supervision and Curriculum Development.

Chicago

Marzano Robert J, . 2003. Classroom management that works. Alexandria, Va: Association for Supervision and Curriculum Development.

Harvard

Marzano R. J., . (2003). Classroom management that works. Alexandria, Va: Association for Supervision and Curriculum Development.

MLA

Marzano Robert J, . Classroom management that works. Alexandria, Va: Association for Supervision and Curriculum Development. 2003.

  • Place hold
  • Print
  • Cite
  • Add to your cart (remove)
  • Save record
    BIBTEX Dublin Core MARCXML MARC (non-Unicode/MARC-8) MARC (Unicode/UTF-8) MARC (Unicode/UTF-8, Standard) MODS (XML) RIS
  • More searches
    Search for this title in:
    Other Libraries (WorldCat) Other Databases (Google Scholar) Online Stores (Bookfinder.com) Open Library (openlibrary.org)

Exporting to Dublin Core...

SOUTHVILLE LIBRARY

Southville International School and Colleges Library

1281 Tropical Ave. Cor. Luxembourg St., BF Homes International, Las Pinas City

Tel. No. 8256374 / 252358 Loc. 117/146

Powered by Koha